[Event "Wuerttemberg-ch Seniors op 26th"]
[Site "Freudenstadt"]
[Date "2014.07.16"]
[Round "1"]
[White "Schmidt, Heinrich"]
[Black "Flockerzi, Armin"]
[Result "1/2-1/2"]
[WhiteElo "1983"]
[BlackElo "1803"]
[PlyCount "86"]
[EventDate "2014.07.16"]
[EventType "swiss"]
[EventRounds "9"]
[EventCountry "GER"]
[SourceTitle "EXT 2019"]
[Source "ChessBase"]
[SourceDate "2018.10.10"]
[SourceVersion "1"]
[SourceVersionDate "2018.10.10"]
[SourceQuality "1"]

1. d4 d5 2. c4 c6 3. Nf3 Nf6 4. Nc3 e6 5. cxd5 cxd5 6. Bg5 Nbd7 7. e3 Bb4 8. Qb3 Be7 9. Bd3 0-0 10. 0-0 a6 11. Rfc1 Nh5 12. Bxe7 Qxe7 13. Na4 Nhf6 14. Nc5 b6 15. Nxd7 Nxd7 16. Qc2 g6 17. Qc7 Re8 18. Qg3 e5 19. dxe5 Nxe5 20. Nxe5 Qxe5 21. Qxe5 Rxe5 22. Rc7 b5 23. Rac1 Re8 24. h3 Rd8 25. Be2 Be6 26. Bf3 Rab8 27. Ra7 Rb6 28. b3 d4 29. exd4 Rxd4 30. Rc6 Rxc6 31. Bxc6 Rd6 32. Bb7 Rd1+ 33. Kh2 Rd2 34. Rxa6 Rxf2 35. Kg3 Rb2 36. Bc6 b4 37. Bb5 Bd5 38. Bf1 h6 39. Rd6 Be4 40. Rd4 Bc6 41. Rd6 Bb7 42. Rb6 Be4 43. Rb5 Bc6 1/2-1/2

[Event "Wuerttemberg-ch Seniors op 25th"]
[Site "Freudenstadt"]
[Date "2013.07.06"]
[Round "6"]
[White "Abegg, Beat"]
[Black "Schmidt, Heinrich"]
[Result "1/2-1/2"]
[WhiteElo "1902"]
[BlackElo "1964"]
[PlyCount "90"]
[EventDate "2013.07.06"]
[EventType "swiss"]
[EventRounds "9"]
[EventCountry "GER"]
[SourceTitle "EXT 2019"]
[Source "ChessBase"]
[SourceDate "2018.10.10"]
[SourceVersion "1"]
[SourceVersionDate "2018.10.10"]
[SourceQuality "1"]

1. d4 Nf6 2. c4 g6 3. g3 Bg7 4. Bg2 d6 5. Nc3 0-0 6. Nf3 c5 7. d5 Na6 8. 0-0 Nc7 9. a4 Rb8 10. Qc2 b6 11. b3 a6 12. Bb2 b5 13. axb5 axb5 14. Nd2 bxc4 15. bxc4 Na6 16. Nb5 Nb4 17. Qc1 Bd7 18. Nc3 Qb6 19. Na4 Bxa4 20. Rxa4 Nbxd5 21. Bxf6 Nxf6 22. Ne4 Rfc8 23. Nxf6+ Bxf6 24. Qc2 Qb3 25. Ra2 Qxc2 26. Rxc2 Rb4 27. e3 Rcb8 28. Be4 R8b6 29. Kg2 Ra6 30. Rfc1 Kf8 31. Bf3 e6 32. Rd1 Ke7 33. h4 h5 34. Rdc1 Kd7 35. Rd1 Kc7 36. Be2 Rab6 37. Bf3 Rb2 38. Rdc1 R6b4 39. Rxb2 Rxb2 40. Be4 Rb4 41. Bf3 Bb2 42. Rc2 Bf6 43. Ba8 Rb2 44. Rxb2 Bxb2 45. Kf1 Kb6 1/2-1/2

[Event "Wuerttemberg-ch Seniors op 25th"]
[Site "Freudenstadt"]
[Date "2013.07.06"]
[Round "9"]
[White "Just, Joachim"]
[Black "Schmidt, Heinrich"]
[Result "1/2-1/2"]
[WhiteElo "2055"]
[BlackElo "1964"]
[PlyCount "49"]
[EventDate "2013.07.06"]
[EventType "swiss"]
[EventRounds "9"]
[EventCountry "GER"]
[SourceTitle "EXT 2019"]
[Source "ChessBase"]
[SourceDate "2018.10.10"]
[SourceVersion "1"]
[SourceVersionDate "2018.10.10"]
[SourceQuality "1"]

1. d4 Nf6 2. Nf3 g6 3. c4 Bg7 4. Nc3 0-0 5. e4 d6 6. Be2 e5 7. dxe5 dxe5 8. Qxd8 Rxd8 9. Bg5 Re8 10. Nd5 Nxd5 11. cxd5 c6 12. Bc4 cxd5 13. Bxd5 Nd7 14. 0-0 Nf6 15. Bxf6 Bxf6 16. Rac1 Rb8 17. Rc7 Be6 18. Bxe6 Rxe6 19. Rfc1 Rd6 20. h4 Bd8 21. Rc8 Rxc8 22. Rxc8 f6 23. Kf1 Kf7 24. Ke2 Ke7 25. Rc2 1/2-1/2

[Event "GER-chT U16"]
[Site "Verden"]
[Date "2003.07.05"]
[Round "2.2"]
[White "Schmidt, Heinrich"]
[Black "Abel, Dennes"]
[Result "1/2-1/2"]
[WhiteElo "1404"]
[BlackElo "1991"]
[PlyCount "92"]
[EventDate "2003.07.05"]
[EventType "team"]
[EventRounds "7"]
[EventCountry "GER"]
[SourceTitle "EXT 2005"]
[Source "ChessBase"]
[SourceDate "2004.11.15"]
[SourceVersion "1"]
[SourceVersionDate "2004.11.15"]
[SourceQuality "1"]

1. c4 c5 2. Nc3 Nc6 3. g3 g6 4. Bg2 Bg7 5. e3 d6 6. Nge2 e5 7. 0-0 Nge7 8. a3 0-0 9. Rb1 Be6 10. d3 Qd7 11. Ne4 h6 12. b4 f5 13. N4c3 Rae8 14. Bd5 Nd8 15. Bxe6+ Qxe6 16. Nb5 Qd7 17. Nxa7 g5 18. e4 f4 19. f3 fxg3 20. Nxg3 Rf7 21. Be3 b6 22. Nb5 Ref8 23. Rb2 Kh7 24. a4 Ndc6 25. bxc5 dxc5 26. Nc3 Nd4 27. Rbf2 Ng6 28. Nd5 Nh4 29. Bxd4 exd4 30. f4 Qh3 31. Qe2 g4 32. Nf5 Nxf5 33. exf5 g3 34. hxg3 Qxg3+ 35. Rg2 Qh3 36. Qg4 Qxg4 37. Rxg4 Rxf5 38. Nxb6 Bf6 39. a5 Bd8 40. Kg2 h5 41. Rg3 Rxf4 42. Rxf4 Rxf4 43. Nd5 Rf7 44. a6 Ra7 45. Nf4 h4 46. Rg6 Bc7 1/2-1/2